000 00824cam a2200265ua 4500
001 37854
003 (BD-RjUL)
005 20211209052653.0
008 010515s1997 nyua 001 0 eng d
020 _a0074635913
035 _a(BD-RjUL)
040 _aDLC
_c(BD-RjUL)
_dDLC
082 0 0 _a621.3815
_220
100 1 _aEdminister, Joseph.
_9117280
245 1 0 _aSchaum's outline of theory and problems of electric circuits /
_cJoseph A. Edminister, Mahmood Nahvi.
250 _a3rd ed.
260 _aNew Delhi, India :
_bTata McGraw-Hill,
_cc1997.
300 _ax, 468 p. :
_bill. ;
_c27 cm.
500 _aIncludes index.
650 0 _aElectric circuits
_xProblems, exercises, etc.
_9117281
700 1 _aNahvi, Mahmood.
_9117282
830 0 _aSchaum's outline series
_9117233
942 _2ddc
_cBK
999 _c37854
_d37854